| 000 | 01290cam a22003497a 4500 | ||
|---|---|---|---|
| 003 | CHAP | ||
| 005 | 20220329141833.0 | ||
| 008 | 971201d1997 mx b r 00110 spa d | ||
| 010 | _a74589 | ||
| 011 | _a75561 | ||
| 035 | _a85125 | ||
| 040 | _cCHAP | ||
| 090 | _aTesis | ||
| 100 | 0 | 0 |
_aGarcía Reyes, José Luis. _946513 |
| 245 | 1 | 0 |
_aAnálisis curricular para la conformación de la carrera de Ingeniero Agrónomo Zootecnista en Tlatlauquitepec, Puebla _c/por José Luis García Reyes |
| 260 |
_aChapingo, Méx. : _bEl autor, _c1997. |
||
| 300 |
_a64 h. : _bmapas ; tablas |
||
| 502 | _aTesis (Ing. Agr. Esp. en Zootecnia) -- UACH. Departamento de Zootecnia | ||
| 590 |
_aALEPH _b10 _c20130110 _lUCH01 _h1420 |
||
| 590 |
_aBATCH-UPD _b10 _c20130110 _lUCH01 _h0601 |
||
| 590 |
_aBATCH-UPD _b10 _c20130410 _lUCH01 _h0243 |
||
| 590 |
_aBATCH-UPD _b10 _c20130914 _lUCH01 _h1242 |
||
| 590 |
_aCONVERSION _b10 _c20130109 _lUCH01 _h1341 |
||
| 650 | 1 | 4 |
_aEducación agrícola _xPlanes de estudio. _935539 |
| 650 | 1 | 4 |
_aEducación agrícola _xPuebla. _935542 |
| 650 | 1 | 4 |
_aGanadería _xPlanes de estudio. _944836 |
| 901 | _aBK | ||
| 905 | _aAlejandra Carrasco M. | ||
| 942 | _cFOLL | ||
| 949 |
_bBC _cTES _d33724000638169 _eTS2 _fc.2 _h31542 _i85125 _si |
||
| 949 |
_bBC _cTES _d851251 _eTS1 _h31542 _i85125 _sb |
||
| 999 |
_c74589 _d74589 |
||